<?xml version="1.0" encoding="UTF-8"?><?xml-stylesheet type="text/xsl" href="static/style.xsl"?><OAI-PMH xmlns="http://www.openarchives.org/OAI/2.0/" xmlns:xsi="http://www.w3.org/2001/XMLSchema-instance" xsi:schemaLocation="http://www.openarchives.org/OAI/2.0/ http://www.openarchives.org/OAI/2.0/OAI-PMH.xsd"><responseDate>2026-06-02T19:38:32Z</responseDate><request verb="GetRecord" identifier="oai:riuma.uma.es:10630/24028" metadataPrefix="marc">https://riuma.uma.es/rest/oai/request</request><GetRecord><record><header><identifier>oai:riuma.uma.es:10630/24028</identifier><datestamp>2026-02-03T10:48:28Z</datestamp><setSpec>com_10630_5135</setSpec><setSpec>com_10630_598</setSpec><setSpec>col_10630_13422</setSpec></header><metadata><record xmlns="http://www.loc.gov/MARC21/slim" xmlns:dcterms="http://purl.org/dc/terms/" xmlns:doc="http://www.lyncode.com/xoai" xmlns:xsi="http://www.w3.org/2001/XMLSchema-instance" xsi:schemaLocation="http://www.loc.gov/MARC21/slim http://www.loc.gov/standards/marcxml/schema/MARC21slim.xsd">
   <leader>00925njm 22002777a 4500</leader>
   <datafield ind2=" " ind1=" " tag="042">
      <subfield code="a">dc</subfield>
   </datafield>
   <datafield ind2=" " ind1=" " tag="720">
      <subfield code="a">Moreno-Kustner, Berta</subfield>
      <subfield code="e">author</subfield>
   </datafield>
   <datafield ind2=" " ind1=" " tag="720">
      <subfield code="a">Ramos Martín, Javier</subfield>
      <subfield code="e">author</subfield>
   </datafield>
   <datafield ind2=" " ind1=" " tag="260">
      <subfield code="c">2022-05-03</subfield>
   </datafield>
   <datafield ind2=" " ind1=" " tag="520">
      <subfield code="a">El presente documento pone de relieve la importancia de la prevención, detección e intervención ante la conducta suicida en el ámbito universitario y pretende ser un marco de actuación cuyo objetivo es recoger una serie de medidas encaminadas a ofrecer unas directrices que consigan sensibilizar al colectivo universitario para la detección precoz de señales de alarma ante situaciones de riesgo de suicidio en la Universidad de Málaga. Si bien este Plan está dirigido a todo el colectivo universitario (Personal Docente e Investigador, Personal de Administración y Servicios y alumnado), en algunas ocasiones se focalizará en el alumnado por ser el colectivo más numeroso y más vulnerable ante esta conducta.&#xd;
Este I Plan de Prevención de la Conducta Suicida tiene como objetivo general reducir la incidencia y prevalencia de la conducta suicida a través de la implementación de 6 estrategias y 12 acciones.</subfield>
   </datafield>
   <datafield ind1="8" ind2=" " tag="024">
      <subfield code="a">Moreno Kutsner, B., &amp; Ramos Martín, J. (2022). I Plan para la Prevención de la Conducta Suicida en la Universidad de Málaga : 2022-2024. Universidad de Málaga.https://riuma.uma.es/xmlui/bitstream/item/981f6ed9-6bf9-486c-aaef-f937ba451c24/Definitivo%20%20Plan%20de%20prevencion%20suicidio.pdf?sequence=1&amp;isAllowed=y</subfield>
   </datafield>
   <datafield ind1="8" ind2=" " tag="024">
      <subfield code="a">https://hdl.handle.net/10630/24028</subfield>
   </datafield>
   <datafield tag="653" ind2=" " ind1=" ">
      <subfield code="a">Universidad de Málaga</subfield>
   </datafield>
   <datafield tag="653" ind2=" " ind1=" ">
      <subfield code="a">Suicidio - Prevención</subfield>
   </datafield>
   <datafield ind2="0" ind1="0" tag="245">
      <subfield code="a">I Plan para la Prevención de la Conducta Suicida en la Universidad de Málaga 2022-2024</subfield>
   </datafield>
</record>
</metadata></record></GetRecord></OAI-PMH>